MARC

LEADER 00000nam0a2200000 4500
001 256466
005 20231101233122.0
010 |a 9781408279229 
035 |a (RuTPU)RU\TPU\book\279159 
035 |a RU\TPU\book\94176 
090 |a 256466 
100 |a 20140409d2012 m y0engy50 ba 
101 0 |a eng 
102 |a GB 
105 |a y j 000zy 
200 1 |a Market Leader. Pre-intermediate Business English  |e Teacher's Resource Book  |f B. Mascull 
205 |a 3rd ed. 
210 |a Harlow  |c Longman  |d 2012 
215 |a 215 p.  |c il. 
606 1 |a Английский язык  |x Учебные руководства и пособия  |x Учебные руководства и пособия для высшей школы  |2 stltpush  |3 (RuTPU)RU\TPU\subj\29071  |9 52483 
606 1 |a Английский язык  |x Содержание и методика преподавания языка в высшей школе  |2 stltpush  |3 (RuTPU)RU\TPU\subj\29068  |9 52480 
610 1 |a лексика 
610 1 |a разговорная речь 
610 1 |a деловое общение 
610 1 |a бизнес 
610 1 |a упражнения 
610 1 |a методика 
610 1 |a преподавание 
686 |a Ш143.21-923  |v LBC/SL-A  |2 rubbk 
686 |a Ш143.21-91  |v LBC/SL-A  |2 rubbk 
700 1 |a Mascull  |b B.  |g Bill 
801 1 |a RU  |b 63413507  |c 20051215  |g PSBO 
801 2 |a RU  |b 63413507  |c 20211213  |g PSBO 
942 |c BK